000 02025nam0a2200373 4500
001 RU\NLR\bibl\1032340
005 20260405151950.0
010 _a5-94414-114-X
_bВ пер.
_93000
021 _aRU
_b2006-77481
_93927
035 _a(nilc)RSL-KNO-002989897
035 _a(NLR Aleph) 001019795
090 _a691132
_c691132
100 _a20061208d2006 |||y0rusy50 ca
101 0 _arus
102 _aRU
105 _ay zzzz|||||
200 1 _aНаезд на Париж
_e(комедия, новогодняя сказка, триллер)
_e[сборник
_fЕвгений Коротких, Александр Панкратов-Черный]
210 _aМосква
_cПилигрим-Пресс
_cКультурный Слой
_d2006
215 _a270, [1] с.
_d21
225 1 _aШутовской роман
300 _aАвт. указаны на обл.
327 1 _aСодерж.: Наезд на Париж: комедия; Маленькая принцесса Нового года: новогодняя сказка; Обаятельный убийца: триллер
610 0 _aФилологические науки. Художественная литература -- Российская Федерация -- Русская литература -- с сер. 50-х гг. 20 в. -- Произведения художественной литературы -- Сборники произведений разных авторов в разных жанрах
686 _aШ5(2=Р)75-6я43
_2rubbk
686 _aШ6(2=Р)75-7
700 1 _4070
_7ca
_8rus
_aКоротких
_bЕ. В.
_gЕвгений Васильевич
_946027
_3RU\NLR\auth\7763097
701 1 _4070
_7ca
_8rus
_aПанкратов-Черный
_bА. В.
_f1949-
_gАлександр Васильевич
_930992
_3RU\NLR\auth\7748057
801 0 _aRU
_bРКП
_c20061208
_grcr
801 1 _aRU
_bРГБ
_c20061208
801 2 _aRU
_bNLR
_c20070118
_grcr
942 _cBOOK
980 _aNB